Il lavoro e il diritto un percorso storico

Detalles Bibliográficos
Autor principal: Gaeta , Lorenzo
Formato: eBook
Lenguaje:italiano
Publicado: Bari : Cacucci Editore, 2014
Materias:
Acceso en línea:Acceso restringido

MARC

LEADER 00000nam a22000007a 4500
005 20140129175115.0
007 cr|||| ||||
008 140129s2013 it |||||s|||| 00||0 ita d
020 |a 978-88-6611-292-1 
035 |a 11772 
040 |a vLex 
090 |c 4693  |d 4693 
100 1 |a  Gaeta , Lorenzo  
245 1 3 |a Il lavoro e il diritto un percorso storico  |h [Recurso electrn̤ico] /  |c Lorenzo Gaeta  
256 |a Servicio en ln̕ea 
260 |a Bari :  |b Cacucci Editore,  |c 2014 
300 |a 1 recurso electrn̤ico 
506 1 |a Contenido disponible en los productos indicados  |d vLex Global  |d vLex Global (Academic Edition, excluding Law Schools)  |d vLex Global (U.S. Academic Edition, Law Schools)  |d vLex Global (U.S. Academic Edition, excluding Law Schools)  |d vLex Global (Academic Edition, Law Schools) 
650 0 4 |a Derecho laboral  |z Italia 
740 0 |a vLex Libros (Servicio en ln̕ea) 
856 4 0 |u http://vlex.com/source/il-lavoro-e-il-diritto-un-percorso-storico-11772  |z Acceso restringido 
942 |c BOOK 
999 0 |a Labor laws and legislation